Schnelles Mathe-Quiz, nur ein kurzes Quiz 7 - Statistiken

Allgemein
  • Dieses Quiz wurde 83 mal gespielt
  • Das Durchschnittsergebnis liegt bei 16 aus 20
Antwortstatistiken
Hint Antwort % Korrekt
22 + 22 = 44
100%
22 : 22 = 1
99%
96 : 6 = 16
97%
122 - 24 98
97%
49 + 113 = 162
93%
75 - 49 = 26
92%
115 x 3 = 345
89%
119 x 3 = 357
85%
231 + 135 = 366
84%
127 - 79 = 48
81%
257 - 139 = 118
80%
99 + 176 = 275
80%
137 - 59 = 78
80%
231 - 135 = 96
80%
57 x 5 = 285
76%
78 x 5 = 390
72%
625 : 5 = 125
69%
25 x 25 = 625
69%
22 x 22 = 484
66%
17 x 17 = 289
61%
Keine übereinstimmenden Quizze gefunden
Verteilung der Resultate
Anzahl Personen mit jedem Resultat
Perzentil nach korrekt beantworteten Fragen
Ihre Resultats-Entwicklung
Sie haben dieses Quiz noch nicht gespielt